Nozze col diavolo

Shranjeno v:
Bibliografske podrobnosti
Glavni avtor: Bellezza Dario
Format: Knjiga
Jezik:neznan ali neveljaven jezik
Izdano: Venezia Marsilio 1995
Oznake: Označite
Brez oznak, prvi označite!

MARC

LEADER 00000nam a2200000Ia 4500
001 89
003 NUMERAZIONE-ORIGINALE-BRESCIA
005 20260206230747.0
008 260206s9999 xx 000 0 und d
100 |a Bellezza Dario 
245 0 |a Nozze col diavolo 
260 |a Venezia 
260 |b Marsilio 
260 |c 1995 
500 |a Romanzi e racconti 
942 |2 ddc  |c BK  |n 0 
952 |0 0  |1 0  |2 ddc  |4 0  |6 23  |7 0  |9 28275  |a BS  |b BS  |d 2026-02-06  |i 89  |l 0  |o 2-3-*  |r 2026-02-06 22:40:32  |w 2026-02-06  |x [REVISIONARE]  |y BK 
999 |c 23971  |d 23971